| 000 | 00659nam a22001937a 4500 | ||
|---|---|---|---|
| 005 | 20250213125404.0 | ||
| 010 | _aENG-143742 | ||
| 020 |
_a9788119798551 _c1250.00 |
||
| 035 | _aEN-127274 | ||
| 037 | _bDBAD | ||
| 082 | _a921 | ||
| 100 |
_aSwamy, Subramanian _977555 |
||
| 245 |
_aThe Collected Works of Dr. Subramanian Swamy/ _cby Subramanian Swamy; edited by T.K Swaminathan |
||
| 260 |
_aDelhi _bHar-Aanand Publication _c2024 |
||
| 270 |
_aE-49/3, Okhla Industrial Area, Phase-2 _bDelhi _e110020 _k41603490 _mharanand@rediffmail.com |
||
| 300 |
_a402p. _c24cm (Hb) |
||
| 700 |
_aSwaminathan, T.K _977485 |
||
| 942 |
_cEN _2ddc _h921 _mCOl |
||
| 999 |
_c208979 _d208979 |
||